000 00291nam a22001337a 4500
008 170821b xxu||||| |||| 00| 0 eng d
020 _a9780077224783
041 _aeng
080 _23RD
_a51
100 _a37
101 _aMAT
245 _aINTRODUCTORY ALGEBRA
_cBELLO,I
942 _2udc
_cBK
999 _c24207
_d24207